Química general moderna (Record no. 27880)

MARC details
000 -LEADER
campo de control de longitud fija 00739nam a2200217 i 4500
001 - NÚMERO DE CONTROL
campo de control 27880
003 - IDENTIFICADOR DE NÚMERO DE CONTROL
campo de control ES-MaACL
005 - FECHA Y HORA DE LA ÚLTIMA TRANSACCIÓN
campo de control 20250723094621.0
007 - CAMPO FIJO DE DESCRIPCIÓN FÍSICA--INFORMACIÓN GENERAL
campo de control de longitud fija t|
008 - DATOS DE LONGITUD FIJA--INFORMACIÓN GENERAL
campo de control de longitud fija 030115s1983 sp ||||1| spa d
020 ## - NÚMERO INTERNACIONAL ESTÁNDAR DEL LIBRO
Número Internacional Estándar del Libro 84-7102-997-9
100 1# - ENTRADA PRINCIPAL--NOMBRE DE PERSONA
Nombre de persona Babor, Joseph A.
9 (RLIN) 24423
245 10 - MENCIÓN DEL TÍTULO
Título Química general moderna
Resto del título : una introducción a la química física y a la química descriptiva superior (inorgánica, orgánica y bioquímica) /
Mención de responsabilidad, etc. por Joseph A. Babor y José Ibarz Aznárez.
260 ## - PUBLICACIÓN, DISTRIBUCIÓN, ETC.
Lugar de publicación, distribución, etc. Barcelona :
Nombre del editor, distribuidor, etc. Manuel Marín,
Fecha de publicación, distribución, etc. 1983.
300 ## - DESCRIPCIÓN FÍSICA
Extensión XXIII, 1144 p. ;
Dimensiones 24 cm.
500 ## - NOTA GENERAL
Nota general Indices.
650 07 - PUNTO DE ACCESO ADICIONAL DE MATERIA--TÉRMINO DE MATERIA
Término de materia o nombre geográfico como elemento de entrada Química
Fuente del encabezamiento o término embne
9 (RLIN) 16625
700 1# - ENTRADA AGREGADA--NOMBRE PERSONAL
Nombre de persona Ibarz Aznárez, José.
9 (RLIN) 64981
852 ## - LOCALIZACIÓN
Ubicación ES-MaACL
Número de control de estantería L-11411
Holdings
Estatus retirado Estado de pérdida Estado de daño No para préstamo Biblioteca de origen Biblioteca actual Ubicación en estantería Fecha de adquisición Fuente de adquisición Total de préstamos Signatura topográfica completa Código de barras Visto por última vez Precio de reemplazo Tipo de ítem Koha
        Biblioteca del Ateneo de Madrid Biblioteca del Ateneo de Madrid Depósito 2 17/01/2008     L-11411 1028787 23/02/2023 23/02/2023 Libro impreso